000 00485nam a22001697a 4500
003 SGT
020 _a9780070635838
082 _a658,ANT
100 _aANTHONY,ROBERT.N
245 _aMANAGEMENT CONTROL SYSTEMS
250 _a12TH
260 _aNEW DELHI
_bTMH
_c2014
300 _a768
650 _aMANAGEMENT
653 _aTHE MANAGEMENT CONTROL ENVIRONMENT,THE MANAGEMENT CONTROL PROCESS,THE NATURE OF MANAGEMENT CONTROL SYSTEMS,VARIATIONS IN MANAGEMENT CONTROL
942 _2ddc
_cFCM
999 _c8831
_d8831